header

Shelleyan ideas in Victorian literature / (Record no. 120943)

MARC details
000 -LEADER
fixed length control field 01743nam a2200397 i 4500
001 - CONTROL NUMBER
control field ebr10760374
003 - CONTROL NUMBER IDENTIFIER
control field CaPaEBR
006 - FIXED-LENGTH DATA ELEMENTS--ADDITIONAL MATERIAL CHARACTERISTICS--GENERAL INFORMATION
fixed length control field m o d
007 - PHYSICAL DESCRIPTION FIXED FIELD--GENERAL INFORMATION
fixed length control field cr cn|||||||||
008 - FIXED-LENGTH DATA ELEMENTS--GENERAL INFORMATION
fixed length control field 140816t19661966ne o 001 0 eng d
020 ## - INTERNATIONAL STANDARD BOOK NUMBER
Cancelled/invalid ISBN 9783111029696
International Standard Book Number 9783111392202 (e-book)
040 ## - CATALOGING SOURCE
Original cataloging agency CaPaEBR
Language of cataloging eng
Description conventions rda
-- pn
Transcribing agency CaPaEBR
035 ## - SYSTEM CONTROL NUMBER
System control number (OCoLC)587209631
050 14 - LIBRARY OF CONGRESS CALL NUMBER
Classification number PR461
Item number .D8eb
082 04 - DEWEY DECIMAL CLASSIFICATION NUMBER
Classification number 820.9008
Edition number 23
100 1# - MAIN ENTRY--PERSONAL NAME
Personal name Duerksen, Roland A.,
Relator term author.
245 10 - TITLE STATEMENT
Title Shelleyan ideas in Victorian literature /
Statement of responsibility, etc Roland A. Duerksen.
264 #1 - PRODUCTION, PUBLICATION, DISTRIBUTION, MANUFACTURE, AND COPYRIGHT NOTICE
Place of production, publication, distribution, manufacture Hague, Netherland :
Name of producer, publisher, distributor, manufacturer Mouton & Co,
Date of production, publication, distribution, manufacture, or copyright notice 1966.
Date of production, publication, distribution, manufacture, or copyright notice �1966
300 ## - PHYSICAL DESCRIPTION
Extent 1 online resource (208 pages).
336 ## - CONTENT TYPE
Content type term text
Source rdacontent
337 ## - MEDIA TYPE
Media type term computer
Source rdamedia
338 ## - CARRIER TYPE
Carrier type term online resource
Source rdacarrier
490 1# - SERIES STATEMENT
Series statement Studies in English Literature ;
Volume number/sequential designation Volume 12
500 ## - GENERAL NOTE
General note Includes index.
588 ## - SOURCE OF DESCRIPTION NOTE
Source of description note Description based on print version record.
590 ## - LOCAL NOTE (RLIN)
Local note Electronic reproduction. Palo Alto, Calif. : ebrary, 2014. Available via World Wide Web. Access may be limited to ebrary affiliated libraries.
600 10 - SUBJECT ADDED ENTRY--PERSONAL NAME
Personal name Shelley, Percy Bysshe,
Dates associated with a name 1792-1822
General subdivision Influence.
650 #0 - SUBJECT ADDED ENTRY--TOPICAL TERM
Topical term or geographic name as entry element English literature
Chronological subdivision 19th century
General subdivision History and criticism.
655 #0 - INDEX TERM--GENRE/FORM
Genre/form data or focus term Electronic books.
776 08 - ADDITIONAL PHYSICAL FORM ENTRY
Display text Print version:
Main entry heading Duerksen, Roland A.
Title Shelleyan ideas in Victorian literature.
Place, publisher, and date of publication Hague, Netherland : Mouton & Co, c1966
Physical description 208 pages
Series data for related item Studies in English literature (Hague, Netherlands) ; Volume 12.
International Standard Book Number 9783111029696
Record control number 66004325
797 2# - LOCAL ADDED ENTRY--CORPORATE NAME (RLIN)
Corporate name or jurisdiction name as entry element ebrary.
830 #0 - SERIES ADDED ENTRY--UNIFORM TITLE
Uniform title Studies in English literature (Hague, Netherlands) ;
Volume number/sequential designation Volume 12.
856 40 - ELECTRONIC LOCATION AND ACCESS
Uniform Resource Identifier <a href="http://site.ebrary.com/lib/rucke/Doc?id=10760374">http://site.ebrary.com/lib/rucke/Doc?id=10760374</a>
Public note An electronic book accessible through the World Wide Web; click to view

No items available.

© 2026 Rongo University
Contact us: librarian | system librarian | Rongo university